Buying for life in public sector construction (Record no. 76737)
[ view plain ]
| 000 -LEADER | |
|---|---|
| fixed length control field | 01135cab a2200193 4500 |
| 001 - CONTROL NUMBER | |
| control field | ##L132990 |
| 008 - FIXED-LENGTH DATA ELEMENTS--GENERAL INFORMATION | |
| fixed length control field | 060331n2006 000 0 eng u |
| 035 ## - SYSTEM CONTROL NUMBER | |
| System control number | (Sirsi) u132990 |
| 041 0# - LANGUAGE CODE | |
| Language code of text/sound track or separate title | eng |
| 110 1# - MAIN ENTRY--CORPORATE NAME | |
| Corporate name or jurisdiction name as entry element | Great Britain |
| Subordinate unit | Health and Safety Executive |
| 245 00 - TITLE STATEMENT | |
| Title | Buying for life in public sector construction |
| Remainder of title | be the best, says health and safety minister |
| 260 ## - PUBLICATION, DISTRIBUTION, ETC. | |
| Date of publication, distribution, etc. | 2006 |
| 490 #0 - SERIES STATEMENT | |
| Series statement | HSE Press Release |
| Volume/sequential designation | E038-06 28 March 2006 |
| 520 ## - SUMMARY, ETC. | |
| Summary, etc. | The government is urging public sector clients to adopt best practice in construction procurement to help raise health and safety standards for workers involved in such projects. By buying for life, it is hoped to reduce incidents of injury and ill-health during the building, maintenance and refurbishment of community facilities. On average 17 workers are killed each year on essential projects procured by the public sector. |
| 590 ## - LOCAL NOTE (RLIN) | |
| Local note | IKA110406 |
| 690 ## - LOCAL SUBJECT ADDED ENTRY--TOPICAL TERM (OCLC, RLIN) | |
| Topical term or geographic name as entry element | MANAGEMENT-HEALTH AND SAFETY-HEALTH AND SAFETY RISK MANAGEMENT-HEALTH AND SAFETY RISK PLANNING |
| 856 41 - ELECTRONIC LOCATION AND ACCESS | |
| Uniform Resource Identifier | <a href="https://www.hse.gov.uk/press/2006/e06038.htm">https://www.hse.gov.uk/press/2006/e06038.htm</a> |
| Public note | View the item free of charge at www.hse.gov.uk |
| 942 ## - ADDED ENTRY ELEMENTS (KOHA) | |
| Suppress in OPAC | 0 |
| Withdrawn status | Lost status | Source of classification or shelving scheme | Damaged status | Not for loan | Home library | Current library | Shelving location | Date acquired | Total Checkouts | Full call number | Barcode | Date last seen | Copy number | Price effective from | Koha item type |
|---|---|---|---|---|---|---|---|---|---|---|---|---|---|---|---|
| Dewey Decimal Classification | Virtual | Virtual | Online | 31/03/2006 | ONLINE PUBLICATION | 132990-1001 | 06/08/2019 | 1 | 06/08/2019 | Journal article |